000 00294 a2200157 4500
001 162953
020 _a
040 _cMagnum
100 _a-
240 1 0 _aBranca de neve/eko
_lpor
245 1 0 _aBranca de neve/eko
362 0 _a1899
440 1 _aEko
697 _aI/GERAL
942 _cBK
999 _c162953
_d162953